[Event "X Festival A"]
[Site "Verona ITA"]
[Date "2004.01.03"]
[Round "2"]
[White "Foglia, Maurizio"]
[Black "Del Monaco, Andrea"]
[Result "1/2-1/2"]
[WhiteElo "2109"]
[BlackElo "2177"]
[PlyCount "101"]
[EventDate "2004.01.02"]

1. e4 c5 2. c3 Nf6 3. e5 Nd5 4. Nf3 e6 5. g3 d6 6. exd6 Bxd6 7. Bg2 O-O 8. O-O
Nc6 9. Na3 b6 10. Nb5 Be7 11. c4 Ndb4 12. d4 a6 13. Nc3 Ra7 14. a3 cxd4 15. Nb1
e5 16. axb4 e4 17. Nfd2 f5 18. b5 Ne5 19. bxa6 Rxa6 20. Rxa6 Bxa6 21. b3 b5 22.
Na3 b4 23. Nb5 Bc5 24. Nxe4 fxe4 25. Bxe4 Qf6 26. f4 Ng6 27. Qd3 Bc8 28. Nc7
Bh3 29. Nd5 Qa6 30. Rd1 Qa2 31. Qf3 Ne5 32. Qh5 d3+ 33. Be3 g6 34. Qxh3 Qe2 35.
Bxc5 Qxd1+ 36. Qf1 Qxb3 37. Bxf8 d2 38. Ne7+ Kh8 39. Nxg6+ hxg6 40. Qh3+ Kg8
41. Bd5+ Nf7 42. Bxf7+ Kxf8 43. Qc8+ Kxf7 44. Qd7+ Kf6 45. Qxd2 Qxc4 46. g4 b3
47. Qd6+ Kf7 48. Qd7+ Kf8 49. Qd6+ Kf7 50. Qd7+ Kf8 51. Qd6+ 1/2-1/2

[Event "X Festival A"]
[Site "Verona ITA"]
[Date "2004.01.03"]
[Round "2"]
[White "Guido, Flavio"]
[Black "Godena, Michele"]
[Result "1/2-1/2"]
[WhiteElo "2315"]
[BlackElo "2515"]
[PlyCount "55"]
[EventDate "2004.01.02"]

1. e4 e5 2. Nf3 Nc6 3. Bc4 Nf6 4. d3 Bc5 5. c3 a6 6. Bb3 d6 7. O-O Ba7 8. Nbd2
O-O 9. h3 Ne7 10. Re1 Ng6 11. Nf1 b5 12. Ng3 Bb7 13. d4 c5 14. dxe5 dxe5 15.
Qxd8 Rfxd8 16. Bg5 c4 17. Bc2 Rd6 18. Nf5 Re6 19. Red1 Bc6 20. Rd2 h6 21. Bxf6
Rxf6 22. Rad1 Re6 23. Rd8+ Rxd8 24. Rxd8+ Re8 25. Rd6 Re6 26. Rd8+ Re8 27. Rd6
Re6 28. Rd8+ 1/2-1/2

[Event "X Festival A"]
[Site "Verona ITA"]
[Date "2004.01.03"]
[Round "2"]
[White "Korneev, Oleg"]
[Black "Costantini, Roberto"]
[Result "1-0"]
[WhiteElo "2566"]
[BlackElo "2317"]
[PlyCount "91"]
[EventDate "2004.01.02"]

1. e4 c5 2. Nf3 d6 3. d4 cxd4 4. Nxd4 Nf6 5. Nc3 a6 6. Be3 e5 7. Nb3 Be6 8. f3
Be7 9. Qd2 O-O 10. O-O-O Qc7 11. g4 Rc8 12. Qf2 Nbd7 13. Kb1 b5 14. g5 Nh5 15.
h4 Rcb8 16. f4 b4 17. Nd5 Bxd5 18. Rxd5 a5 19. fxe5 dxe5 20. Bb5 Nb6 21. Bxb6
Qxb6 22. Qxb6 Rxb6 23. Ba4 f6 24. Rhd1 fxg5 25. Rxe5 Bf6 26. Rc5 Be7 27. Rc7
Bd6 28. Rc6 Rxc6 29. Bxc6 Rd8 30. hxg5 Bc7 31. Bd5+ Kh8 32. c4 bxc3 33. bxc3 g6
34. Kc2 Nf4 35. c4 Ng2 36. Rg1 Nf4 37. a4 Rb8 38. Nd4 Rb4 39. Ne6 Nxe6 40. Bxe6
Bf4 41. Bd5 Kg7 42. c5 Be3 43. c6 Rb8 44. Rf1 Rc8 45. Rf7+ Kh8 46. Kd3 1-0

[Event "X Festival A"]
[Site "Verona ITA"]
[Date "2004.01.03"]
[Round "2"]
[White "Ungureanu, Vlad"]
[Black "Skembris, Spyridon"]
[Result "0-1"]
[WhiteElo "2282"]
[BlackElo "2442"]
[PlyCount "98"]
[EventDate "2004.01.02"]

1. d4 d5 2. c4 c6 3. cxd5 cxd5 4. Nc3 Nf6 5. Bf4 Nc6 6. e3 a6 7. Bd3 g6 8. Nge2
Bg7 9. O-O O-O 10. Rc1 Re8 11. Qb3 Na5 12. Qc2 Nh5 13. b4 Nc6 14. Qb3 Nxf4 15.
Nxf4 e6 16. Be2 Bd7 17. Rfd1 Qe7 18. Nd3 b6 19. a3 Rec8 20. Na4 Qd8 21. g3 h5
22. h4 Bf6 23. Rc3 Nxd4 24. exd4 Bxa4 25. Rxc8 Bxb3 26. Rxd8+ Rxd8 27. Rd2 Rc8
28. Ne5 Bxe5 29. dxe5 b5 30. g4 hxg4 31. Bxg4 Rc3 32. h5 gxh5 33. Bxh5 Bc4 34.
Kg2 Rxa3 35. Rd4 Bd3 36. Rf4 Bg6 37. Bg4 Be4+ 38. f3 Bg6 39. Rf6 Kg7 40. f4 Rb3
41. f5 exf5 42. Bf3 Rxb4 43. Rxa6 d4 44. Be2 Rb2 45. Kf1 f4 46. Rd6 f3 47. Bxf3
d3 48. Bd5 Bh5 49. e6 fxe6 0-1

[Event "X Festival A"]
[Site "Verona ITA"]
[Date "2004.01.03"]
[Round "3"]
[White "Bacrot, Etienne"]
[Black "Komljenovic, Davorin"]
[Result "1-0"]
[WhiteElo "2664"]
[BlackElo "2441"]
[PlyCount "77"]
[EventDate "2004.01.02"]

1. d4 d5 2. c4 c6 3. Nc3 Nf6 4. Nf3 a6 5. a4 e6 6. g3 dxc4 7. Bg2 c5 8. O-O Nc6
9. Ne5 Bd7 10. Nxd7 Qxd7 11. d5 exd5 12. Nxd5 Nxd5 13. Qxd5 Qxd5 14. Bxd5 Rd8
15. Bxc4 Na5 16. Ba2 c4 17. Be3 Bb4 18. Bb6 Rd2 19. Rfd1 Rxd1+ 20. Rxd1 Ke7 21.
Rd5 Nb3 22. Bxb3 cxb3 23. Rd3 Rc8 24. Rxb3 Rc1+ 25. Kg2 a5 26. Rd3 Rc2 27. Bd4
Rxe2 28. Bxg7 Bc5 29. Rf3 h5 30. Rf5 b6 31. Re5+ Rxe5 32. Bxe5 Ke6 33. f4 Kd5
34. Kf3 Kc4 35. g4 hxg4+ 36. Kxg4 Kb3 37. h4 Kxa4 38. Bg7 Kb3 39. h5 1-0

[Event "X Festival A"]
[Site "Verona ITA"]
[Date "2004.01.03"]
[Round "3"]
[White "Costantini, Roberto"]
[Black "Fregonese, Giulio"]
[Result "1/2-1/2"]
[WhiteElo "2317"]
[BlackElo "2178"]
[PlyCount "58"]
[EventDate "2004.01.02"]

1. e4 e5 2. Nf3 Nc6 3. Bc4 Nf6 4. d3 Be7 5. O-O O-O 6. Re1 d6 7. c3 Na5 8. Bb5
a6 9. Ba4 b5 10. Bc2 c5 11. Nbd2 Qc7 12. Nf1 Nc6 13. Ne3 Rd8 14. a4 Rb8 15.
axb5 axb5 16. Nd5 Nxd5 17. exd5 Na7 18. d4 f6 19. h3 Bd7 20. dxc5 dxc5 21. Qd3
g6 22. d6 Bxd6 23. Qd5+ Kg7 24. Rxa7 Qxa7 25. Qxd6 Bf5 26. Bh6+ Kxh6 27. Qxf6
Rf8 28. Qh4+ Kg7 29. Rxe5 Rbe8 1/2-1/2

[Event "X Festival A"]
[Site "Verona ITA"]
[Date "2004.01.03"]
[Round "3"]
[White "Del Monaco, Andrea"]
[Black "Gatterer, Florian"]
[Result "1-0"]
[WhiteElo "2177"]
[BlackElo "2103"]
[PlyCount "57"]
[EventDate "2004.01.02"]

1. e4 c5 2. Nf3 e6 3. d4 cxd4 4. Nxd4 a6 5. Nc3 Qc7 6. g3 b5 7. Bg2 Bb7 8. O-O
d6 9. a4 bxa4 10. Rxa4 Nf6 11. Rb4 Be7 12. Rxb7 Qxb7 13. e5 d5 14. exf6 Bxf6
15. Nxe6 fxe6 16. Nxd5 exd5 17. Bxd5 Nc6 18. Re1+ Kf8 19. b3 Qb4 20. Bxc6 Rd8
21. Qe2 Qe7 22. Be3 Qb4 23. Rd1 Rxd1+ 24. Qxd1 Kf7 25. Qd7+ Kg6 26. Qe6 Qe7 27.
Be4+ Kh5 28. Qh3+ Bh4 29. g4# 1-0

[Event "X Festival A"]
[Site "Verona ITA"]
[Date "2004.01.03"]
[Round "3"]
[White "Godena, Michele"]
[Black "Laurent, Bruno"]
[Result "1-0"]
[WhiteElo "2515"]
[BlackElo "2363"]
[PlyCount "85"]
[EventDate "2004.01.02"]

1. e4 e6 2. d4 d5 3. Nd2 c5 4. exd5 exd5 5. Ngf3 Nf6 6. Bb5+ Bd7 7. Bxd7+ Nbxd7
8. O-O Be7 9. dxc5 Nxc5 10. Nb3 Nce4 11. Nfd4 Qd7 12. f3 Nd6 13. Nc5 Qc7 14.
Nd3 O-O 15. b3 Rfe8 16. Be3 Rac8 17. Qd2 a6 18. a4 Qd7 19. Rfe1 Bd8 20. Bf2 Bb6
21. Rxe8+ Rxe8 22. Re1 h6 23. Rxe8+ Nfxe8 24. g3 Nf6 25. Nf4 Nf5 26. Nxf5 Bxf2+
27. Qxf2 Qxf5 28. Nd3 Nd7 29. Qe3 Qe6 30. Kf2 Qc6 31. Nb4 Qd6 32. Qd4 Nf6 33.
Nd3 Qd7 34. Qc5 Qf5 35. Kg2 Kh7 36. Qc7 Qe6 37. Qxb7 Qe2+ 38. Nf2 Qxc2 39. Qxa6
Qxb3 40. Qd3+ Qxd3 41. Nxd3 Nd7 42. a5 Nb8 43. Nb4 1-0

[Event "X Festival A"]
[Site "Verona ITA"]
[Date "2004.01.03"]
[Round "3"]
[White "Mrdja, Milan"]
[Black "Korneev, Oleg"]
[Result "1-0"]
[WhiteElo "2413"]
[BlackElo "2566"]
[PlyCount "97"]
[EventDate "2004.01.02"]

1. e4 c5 2. Nf3 e6 3. d4 cxd4 4. Nxd4 Nc6 5. Nc3 Qc7 6. f4 a6 7. Nxc6 Qxc6 8.
Bd3 b5 9. Qe2 Bb7 10. Bd2 Bc5 11. a4 b4 12. Nd5 Qd6 13. Ne3 Qxf4 14. Nc4 Qc7
15. Qg4 Kf8 16. Bf4 d6 17. e5 Qc6 18. Kf1 dxe5 19. Nxe5 Nf6 20. Qh3 Qd5 21. Re1
Rd8 22. b3 h5 23. Re2 Qd4 24. Bg5 Rd6 25. Nc4 Rd5 26. Be3 Qg4 27. Bxc5+ Rxc5
28. Qe3 Rg5 29. Ke1 g6 30. Rf1 Nd5 31. Qa7 Kg7 32. Qxb7 Rf8 33. Ne5 Rxe5 34.
Rxe5 Qxg2 35. Rxd5 exd5 36. Qxb4 Re8+ 37. Kd1 Qxh2 38. Qb7 Rf8 39. Qxd5 Qh4 40.
Kc1 a5 41. Kb2 Qb4 42. Bc4 Qe7 43. Qxa5 h4 44. Qc3+ f6 45. a5 g5 46. Re1 Qd6
47. a6 g4 48. Re4 Qd1 49. Be2 1-0

[Event "X Festival A"]
[Site "Verona ITA"]
[Date "2004.01.04"]
[Round "4"]
[White "Castaldo, Folco"]
[Black "Del Monaco, Andrea"]
[Result "1/2-1/2"]
[WhiteElo "2361"]
[BlackElo "2177"]
[PlyCount "93"]
[EventDate "2004.01.02"]

1. Nf3 Nf6 2. c4 g6 3. Nc3 Bg7 4. e4 d6 5. d4 O-O 6. Be2 e5 7. d5 a5 8. Bg5 h6
9. Bh4 Na6 10. Nd2 Qe8 11. O-O Nh7 12. a3 Bd7 13. b3 h5 14. f3 Bh6 15. Rb1 Be3+
16. Kh1 Nc5 17. Qc2 g5 18. Be1 f5 19. b4 axb4 20. axb4 Na4 21. Nd1 Bb6 22. Bf2
Bxf2 23. Nxf2 f4 24. c5 Qg6 25. Ra1 b5 26. c6 Bc8 27. Bxb5 Nb6 28. Rxa8 Nxa8
29. Ra1 Nb6 30. Ra7 Rf7 31. Qd3 g4 32. Nc4 Nxc4 33. Bxc4 g3 34. Ra8 Rf8 35. Nd1
Qf6 36. h3 Qh4 37. Kg1 Ng5 38. Qe2 Bxh3 39. Rxf8+ Kxf8 40. gxh3 Nxh3+ 41. Kf1
Nf2 42. Nxf2 Qh2 43. Nh3 Qxh3+ 44. Qg2 Qc8 45. Kg1 Kg7 46. Bf1 Qa8 47. Qh3
1/2-1/2

[Event "X Festival A"]
[Site "Verona ITA"]
[Date "2004.01.04"]
[Round "4"]
[White "Costantini, Roberto"]
[Black "Ramondino, Renzo"]
[Result "1-0"]
[WhiteElo "2317"]
[BlackElo "2194"]
[PlyCount "101"]
[EventDate "2004.01.02"]

1. e4 c5 2. Nf3 d6 3. c3 Nf6 4. Be2 Nbd7 5. d3 b6 6. O-O Bb7 7. Nbd2 g6 8. Re1
Bg7 9. Bf1 Ne5 10. Nxe5 dxe5 11. Nc4 Qc7 12. a4 Rd8 13. Qb3 Bc6 14. Qa2 O-O 15.
b4 Nd7 16. Bg5 Rfe8 17. Be3 cxb4 18. cxb4 Nf8 19. Rec1 Qb7 20. a5 b5 21. a6 Qb8
22. Na5 Ba8 23. Nc6 Bxc6 24. Rxc6 Rc8 25. Rac1 Rxc6 26. Rxc6 Ne6 27. Qa5 Nd4
28. Bxd4 exd4 29. Rc5 Be5 30. g3 Bd6 31. Rxb5 Qc7 32. Rb7 Qxa5 33. bxa5 Rc8 34.
Rxa7 Rc5 35. f4 Rxa5 36. e5 Bc5 37. Ra8+ Kg7 38. Kf2 e6 39. h4 h5 40. Kf3 Ra1
41. Bh3 Ra3 42. Ke2 Ra1 43. Kd2 Ra2+ 44. Kc1 Rh2 45. Rc8 Rh1+ 46. Kb2 Bb6 47.
Rc6 Ba5 48. a7 Bc3+ 49. Kb3 Ra1 50. Rc7 Be1 51. Bxe6 1-0

[Event "X Festival A"]
[Site "Verona ITA"]
[Date "2004.01.04"]
[Round "4"]
[White "De Rosa, Mariagrazia"]
[Black "Ungureanu, Vlad"]
[Result "0-1"]
[WhiteElo "2136"]
[BlackElo "2282"]
[PlyCount "80"]
[EventDate "2004.01.02"]

1. e4 c5 2. Nf3 e6 3. d4 cxd4 4. Nxd4 Nf6 5. Nc3 d6 6. Be2 a6 7. O-O Be7 8. f4
Qc7 9. Kh1 O-O 10. Be3 Nc6 11. Qe1 Bd7 12. Qg3 b5 13. a3 Kh8 14. Rae1 Rac8 15.
Nxc6 Bxc6 16. Bd4 Ne8 17. Bd3 Bf6 18. e5 dxe5 19. fxe5 Be7 20. Qh3 g6 21. Qh6
Kg8 22. Re3 f5 23. exf6 Bxf6 24. Rxe6 Bg7 25. Rxf8+ Bxf8 26. Rxg6+ hxg6 27.
Qxg6+ Ng7 28. Bf5 Re8 29. Qh7+ Kf7 30. Bg6+ Ke6 31. Qh3+ Ke7 32. Qe3+ Kd7 33.
Bxe8+ Nxe8 34. Be5 Bd6 35. Bxd6 Qxd6 36. Qd3 Ke6 37. Qxd6+ Nxd6 38. Kg1 Nc4 39.
b3 Nxa3 40. Kf2 Nxc2 0-1

[Event "X Festival A"]
[Site "Verona ITA"]
[Date "2004.01.04"]
[Round "4"]
[White "Dervishi, Erald"]
[Black "Trabert, Bettina"]
[Result "1-0"]
[WhiteElo "2490"]
[BlackElo "2247"]
[PlyCount "147"]
[EventDate "2004.01.02"]

1. e4 e5 2. Nf3 Nc6 3. Bb5 a6 4. Ba4 Nf6 5. O-O Be7 6. Re1 b5 7. Bb3 d6 8. c3
O-O 9. h3 Nb8 10. d4 Nbd7 11. Nbd2 Bb7 12. a4 c5 13. Bc2 Re8 14. Nf1 Bf8 15.
Ng3 g6 16. b3 exd4 17. cxd4 cxd4 18. Bb2 Bg7 19. axb5 axb5 20. Nxd4 Qb6 21. b4
Ne5 22. Nb3 Nc4 23. Bd4 Qc7 24. Bd3 Nd7 25. Bxg7 Kxg7 26. Bf1 Nde5 27. Qd4 f6
28. Rxa8 Rxa8 29. Ra1 Rxa1 30. Qxa1 Qb6 31. Qd4 Nc6 32. Qc3 Qa6 33. Nd4 Nxd4
34. Qxd4 Qc6 35. f3 d5 36. exd5 Qxd5 37. Qxd5 Bxd5 38. Ne2 Bc6 39. Nd4 Bd7 40.
Bxc4 bxc4 41. Kf2 Kf7 42. Ke3 Ke7 43. Ne2 Kd6 44. Kd4 Be6 45. b5 Bf7 46. Nc3
Kc7 47. Kc5 f5 48. f4 Be6 49. h4 Bf7 50. g3 Be6 51. Na4 Bf7 52. Nc3 Be6 53. h5
gxh5 54. Nd1 h6 55. Kb4 Kb6 56. Nb2 c3 57. Na4+ Kc7 58. Kxc3 Bd5 59. Kd4 Kd6
60. Nb6 Be4 61. Nc4+ Kc7 62. Kc5 Bd3 63. Nd6 Kb8 64. b6 Bc2 65. Kd5 Bd3 66. Ke5
Bc2 67. Kf6 Bd3 68. Kg6 Bc2 69. Kxh5 Bd1+ 70. Kxh6 Bg4 71. Kg6 Bh3 72. Kf6 Bg4
73. Nxf5 Kb7 74. Ne3 1-0

[Event "X Festival A"]
[Site "Verona ITA"]
[Date "2004.01.04"]
[Round "4"]
[White "Korneev, Oleg"]
[Black "Skembris, Spyridon"]
[Result "1-0"]
[WhiteElo "2566"]
[BlackElo "2442"]
[PlyCount "113"]
[EventDate "2004.01.02"]

1. e4 e5 2. Nf3 Nc6 3. Bb5 a6 4. Ba4 Nf6 5. O-O Be7 6. Re1 b5 7. Bb3 d6 8. c3
O-O 9. h3 Nb8 10. d4 Nbd7 11. Nbd2 Bb7 12. Bc2 Re8 13. Nf1 Bf8 14. Ng3 g6 15.
b3 Bg7 16. d5 Nb6 17. Rb1 c6 18. c4 Qc7 19. Bd3 Nbd7 20. Be3 Nc5 21. Bc2 cxd5
22. cxd5 Rec8 23. b4 Ncd7 24. Rc1 Nb6 25. Qe2 Qd8 26. Nd2 Nfd7 27. Bd3 Rxc1 28.
Rxc1 Rc8 29. Nb3 Rxc1+ 30. Bxc1 Qc7 31. Bd2 Bc8 32. Na5 Nb8 33. Be3 Bf6 34. Qd2
Bd8 35. Ne2 Na4 36. f4 f6 37. Kh2 Bd7 38. Bc2 Qc8 39. fxe5 fxe5 40. Nc6 Bxc6
41. dxc6 Qxc6 42. Bb3+ Kh8 43. Nd4 Qe8 44. Ne6 Be7 45. Bh6 Bf6 46. Qxd6 Nd7 47.
Qxa6 Nab6 48. Qxb5 g5 49. Bxg5 Bxg5 50. Nxg5 Qg6 51. Nf7+ Kg7 52. Qd3 Qc6 53.
a4 Nxa4 54. Nd8 Nb2 55. Qd2 Qb5 56. Qg5+ Kf8 57. Ne6+ 1-0

[Event "X Festival A"]
[Site "Verona ITA"]
[Date "2004.01.04"]
[Round "4"]
[White "Mrdja, Milan"]
[Black "Bacrot, Etienne"]
[Result "0-1"]
[WhiteElo "2413"]
[BlackElo "2664"]
[PlyCount "96"]
[EventDate "2004.01.02"]

1. e4 c5 2. Nf3 Nc6 3. Nc3 e5 4. Bc4 Be7 5. Nd5 Nf6 6. d3 d6 7. Nxf6+ Bxf6 8.
c3 Be6 9. Nd2 d5 10. Bb3 Qd7 11. O-O O-O 12. Re1 Rad8 13. Qe2 b6 14. Ba4 a6 15.
Bxc6 Qxc6 16. c4 d4 17. f4 exf4 18. e5 Be7 19. Ne4 g5 20. h4 gxh4 21. Qh5 Kh8
22. Bxf4 Rg8 23. Bg5 Bxg5 24. Nxg5 Rg7 25. Qh6 h3 26. Re2 Bd7 27. e6 Bxe6 28.
Qf6 Rc8 29. Rf1 Kg8 30. Qh6 b5 31. b3 bxc4 32. bxc4 Bd7 33. Rf6 Qa4 34. Ref2
Rf8 35. Qh5 Qa3 36. Nxf7 Qc1+ 37. Kh2 Rxg2+ 38. Rxg2+ hxg2 39. Kxg2 Qd2+ 40.
Kg1 Qe3+ 41. Kh2 Rb8 42. Rf3 Rb2+ 43. Kg3 Qe1+ 44. Kf4 Rg2 45. Ne5 Rg7 46. Qh2
Bc6 47. Qf2 Qc1+ 48. Kf5 Qg5+ 0-1

[Event "X Festival A"]
[Site "Verona ITA"]
[Date "2004.01.04"]
[Round "4"]
[White "Opacic, Alexandar"]
[Black "Martorelli, Antonio"]
[Result "0-1"]
[WhiteElo "2125"]
[BlackElo "2272"]
[PlyCount "48"]
[EventDate "2004.01.02"]

1. e4 c5 2. Nf3 e6 3. d4 cxd4 4. Nxd4 a6 5. Bd3 Bc5 6. Nb3 Ba7 7. O-O Nc6 8.
Qe2 d6 9. c3 Nf6 10. Bg5 h6 11. Bh4 e5 12. Kh1 g5 13. Bg3 h5 14. h4 Ng4 15.
N1d2 gxh4 16. Bh2 h3 17. g3 h4 18. a4 Be6 19. Nc4 d5 20. Ne3 Nxh2 21. Kxh2
hxg3+ 22. fxg3 Bxe3 23. exd5 Qxd5 24. c4 Qg2+ 0-1

[Event "X Festival A"]
[Site "Verona ITA"]
[Date "2004.01.04"]
[Round "4"]
[White "Peric, Slavisa"]
[Black "Guido, Flavio"]
[Result "0-1"]
[WhiteElo "2253"]
[BlackElo "2315"]
[PlyCount "80"]
[EventDate "2004.01.02"]

1. d4 Nf6 2. Nf3 e6 3. c4 b6 4. g3 Ba6 5. Qb3 Nc6 6. Nbd2 Bb7 7. e4 d5 8. cxd5
exd5 9. e5 Ne4 10. Bd3 Bb4 11. Qc2 O-O 12. O-O Bxd2 13. Bxd2 f6 14. Bb5 fxe5
15. Bxc6 Bxc6 16. Nxe5 Bb5 17. Bb4 c5 18. dxc5 bxc5 19. Bxc5 Rc8 20. b4 Bxf1
21. Rxf1 Nxc5 22. bxc5 Qe7 23. Nd3 Qe4 24. Rc1 Rc6 25. Qb3 h5 26. Re1 Qd4 27.
Qb5 Rcf6 28. Re8 h4 29. Rxf8+ Rxf8 30. gxh4 Qc4 31. Qb3 a5 32. Ne5 Qxc5 33. Qb2
Qb4 34. Qe2 Qxh4 35. Nd7 Qg5+ 36. Kh1 Rc8 37. Qe6+ Kh8 38. Qh3+ Qh6 39. Qf5 Qh4
40. f3 Re8 0-1

[Event "X Festival A"]
[Site "Verona ITA"]
[Date "2004.01.04"]
[Round "4"]
[White "Popa, Florin"]
[Black "Lettieri, Giuseppe"]
[Result "1-0"]
[WhiteElo "2219"]
[BlackElo "2129"]
[PlyCount "56"]
[EventDate "2004.01.02"]

1. e4 c5 2. b3 e6 3. Bb2 Nc6 4. Nf3 d6 5. d4 cxd4 6. Nxd4 Nxd4 7. Qxd4 Bd7 8.
Nc3 Qa5 9. O-O-O Bc6 10. Kb1 Nf6 11. f4 Qc5 12. Qxc5 dxc5 13. Bb5 Rc8 14. Bxc6+
Rxc6 15. Rd2 Be7 16. Rhd1 Rc8 17. e5 Ng4 18. Rd7 Ne3 19. R1d3 Nxg2 20. Rxb7
Nxf4 21. Rdd7 Ng6 22. Rxa7 Rf8 23. Ne4 Rd8 24. Rxe7+ Nxe7 25. Nd6+ Rxd6 26.
exd6 Ng6 27. Bxg7 Rg8 28. Bf6 Rf8 1-0

[Event "X Festival A"]
[Site "Verona ITA"]
[Date "2004.01.05"]
[Round "5"]
[White "Bacrot, Etienne"]
[Black "Dervishi, Erald"]
[Result "1-0"]
[WhiteElo "2664"]
[BlackElo "2490"]
[PlyCount "141"]
[EventDate "2004.01.02"]

1. e4 e5 2. Nf3 Nc6 3. Bb5 a6 4. Ba4 Nf6 5. O-O Be7 6. Re1 b5 7. Bb3 d6 8. c3
O-O 9. h3 Bb7 10. d4 Re8 11. Nbd2 Bf8 12. d5 Nb8 13. Nf1 Nbd7 14. N3h2 Nc5 15.
Bc2 c6 16. b4 Ncd7 17. dxc6 Bxc6 18. Bg5 h6 19. Bxf6 Nxf6 20. Ng4 Nxg4 21. Qxg4
Bd7 22. Qd1 Qc7 23. Re3 Be6 24. Bb3 a5 25. Bd5 Ra7 26. Qb3 Bxd5 27. Qxd5 Qc4
28. Qxc4 bxc4 29. bxa5 Rxa5 30. Re2 d5 31. exd5 Rxd5 32. Ne3 Rd3 33. Rc2 Bc5
34. Nxc4 f5 35. Nb2 Rd7 36. Rd1 Rxd1+ 37. Nxd1 Rd8 38. Nb2 Kf7 39. Kf1 Ke6 40.
Ke2 e4 41. Na4 Ba3 42. c4 Ra8 43. Nb6 Rb8 44. Nd5 Ke5 45. f4+ exf3+ 46. Kxf3
Rb1 47. Re2+ Kd6 48. Nc3 Rf1+ 49. Rf2 Rc1 50. Nb5+ Kc5 51. Nxa3 Rc3+ 52. Kf4
Rxa3 53. Kxf5 Kxc4 54. h4 Ra6 55. Rc2+ Kd3 56. Rb2 Ke3 57. Kg4 g6 58. Kg3 Ke4
59. Rb4+ Kf5 60. a4 Kf6 61. Kf4 Ra8 62. Ke3 Re8+ 63. Kd3 Re1 64. Kc4 g5 65. a5
gxh4 66. a6 Re2 67. Kb3 Rxg2 68. a7 Rg3+ 69. Ka2 Rg8 70. Rb8 Rg2+ 71. Kb3 1-0

[Event "X Festival A"]
[Site "Verona ITA"]
[Date "2004.01.05"]
[Round "5"]
[White "Del Monaco, Andrea"]
[Black "Peric, Slavisa"]
[Result "1-0"]
[WhiteElo "2177"]
[BlackElo "2253"]
[PlyCount "129"]
[EventDate "2004.01.02"]

1. e4 e6 2. d4 d5 3. Nc3 Nc6 4. e5 Nge7 5. Nf3 Nf5 6. Bb5 Bd7 7. O-O Be7 8. Re1
a6 9. Bf1 O-O 10. Ne2 Nb8 11. a4 c5 12. c3 Nc6 13. dxc5 Bxc5 14. Ned4 Qb6 15.
a5 Qc7 16. Nxf5 exf5 17. Qxd5 Ba7 18. Ng5 Nd8 19. Be3 Bxe3 20. Rxe3 h6 21. Nf3
f4 22. Rd3 Bb5 23. Rdd1 Bc6 24. Qd6 Qc8 25. Nd4 Re8 26. Re1 Qg4 27. f3 Qg5 28.
Bc4 Kh8 29. b4 Rc8 30. Bb3 Bb5 31. Rac1 Nc6 32. Nxc6 Bxc6 33. Qd3 Re7 34. Bd5
Rd8 35. c4 Rxe5 36. Rxe5 Qxe5 37. Qe4 Qd6 38. Bxc6 bxc6 39. c5 Qd2 40. Rf1 Qe3+
41. Qxe3 fxe3 42. Re1 Rd3 43. Kf1 Rb3 44. Rd1 Rxb4 45. Rd6 Rb5 46. Rxc6 Rxa5
47. Ke2 Ra2+ 48. Kxe3 Rxg2 49. Rxa6 Rxh2 50. Kd3 Rf2 51. c6 Rxf3+ 52. Kd4 Rf4+
53. Kd5 Rf5+ 54. Kd6 Rf6+ 55. Kd7 Kh7 56. Ra8 Rf1 57. c7 Rd1+ 58. Ke7 Re1+ 59.
Kxf7 Rf1+ 60. Ke6 Rc1 61. c8=Q Rxc8 62. Rxc8 Kg6 63. Rc1 h5 64. Rg1+ Kh6 65.
Kf5 1-0

[Event "X Festival A"]
[Site "Verona ITA"]
[Date "2004.01.05"]
[Round "5"]
[White "Godena, Michele"]
[Black "Mrdja, Milan"]
[Result "1-0"]
[WhiteElo "2515"]
[BlackElo "2413"]
[PlyCount "85"]
[EventDate "2004.01.02"]

1. e4 d6 2. d4 Nf6 3. Bd3 e5 4. c3 d5 5. dxe5 Nxe4 6. Nf3 Nc6 7. Nbd2 Nc5 8.
Bb1 Bg4 9. O-O Be7 10. b4 Nd7 11. Qe1 a6 12. h3 Bh5 13. Bf5 Bg6 14. Bxg6 fxg6
15. Nb3 Nf8 16. Qe2 Ne6 17. Rd1 O-O 18. c4 d4 19. b5 Na7 20. Nbxd4 Nxd4 21.
Rxd4 Qe8 22. a4 axb5 23. cxb5 Nxb5 24. Rc4 c5 25. Rb1 Nc7 26. Rxb7 Qc6 27. Qe4
Nd5 28. Rb1 Qe6 29. Bg5 Nb4 30. Bxe7 Qxe7 31. Rbc1 Ra5 32. Qe3 Nd5 33. Qd2 Nb4
34. Qe3 Nd5 35. Qd2 Nb4 36. Qc3 Qf7 37. Qe3 h6 38. Rxc5 Rxc5 39. Rxc5 Qa2 40.
a5 Rd8 41. e6 Re8 42. Qe4 Qa4 43. Kh2 1-0

[Event "X Festival A"]
[Site "Verona ITA"]
[Date "2004.01.05"]
[Round "5"]
[White "Guido, Flavio"]
[Black "Korneev, Oleg"]
[Result "0-1"]
[WhiteElo "2315"]
[BlackElo "2566"]
[PlyCount "176"]
[EventDate "2004.01.02"]

1. e4 c5 2. c3 Nf6 3. e5 Nd5 4. d4 cxd4 5. Nf3 e6 6. cxd4 d6 7. Bc4 Nb6 8. Bb3
dxe5 9. Nxe5 Nc6 10. Nf3 Be7 11. Nc3 O-O 12. O-O Nb4 13. Ne5 Bd7 14. a3 N4d5
15. Nxd5 Nxd5 16. Bxd5 exd5 17. Qb3 Bc8 18. Bf4 Qb6 19. Qxb6 axb6 20. Rfe1 Re8
21. Rac1 Bf5 22. g4 Be6 23. f3 Ra4 24. Be3 f6 25. Nd3 Rc4 26. Bf2 Bf7 27. b3
Rxc1 28. Rxc1 Bxa3 29. Rc7 Bg6 30. Ne1 Re7 31. Rc8+ Kf7 32. Rd8 Ke6 33. Ng2 Bc1
34. Bg3 Rd7 35. Rc8 Bb2 36. Nf4+ Kf7 37. Bf2 Bb1 38. h4 Ba3 39. Kg2 b5 40. Be3
Be7 41. Ne2 b4 42. Kf2 Bd3 43. Nf4 Bb1 44. Ne2 h6 45. Ke1 Bd3 46. Nf4 Bh7 47.
Kd2 f5 48. Nd3 Bd6 49. Rh8 fxg4 50. fxg4 Bxd3 51. Kxd3 Be7 52. h5 Rc7 53. Bd2
Bf8 54. g5 hxg5 55. Bxg5 Rc3+ 56. Kd2 Rxb3 57. h6 Rg3 58. Bf4 Rg2+ 59. Kd3 Rg4
60. Be3 b3 61. h7 Rh4 62. Kc3 b5 63. Kxb3 Rh1 64. Kc2 b4 65. Bd2 Be7 66. Rb8
Rxh7 67. Bxb4 Bxb4 68. Rxb4 Ke6 69. Rb6+ Kf5 70. Rd6 Ke4 71. Rg6 Kxd4 72. Kd2
Rh2+ 73. Kd1 Rh1+ 74. Kd2 Rh2+ 75. Kd1 Rh3 76. Rxg7 Kd3 77. Kc1 d4 78. Rg8 Ke2
79. Rg2+ Ke3 80. Rg8 Rh1+ 81. Kb2 d3 82. Re8+ Kd2 83. Rg8 Ke2 84. Re8+ Kd2 85.
Rg8 Ke2 86. Re8+ Kd1 87. Rg8 d2 88. Rg7 Ke2 0-1

[Event "X Festival A"]
[Site "Verona ITA"]
[Date "2004.01.05"]
[Round "5"]
[White "Martorelli, Antonio"]
[Black "Fregonese, Giulio"]
[Result "0-1"]
[WhiteElo "2272"]
[BlackElo "2178"]
[PlyCount "68"]
[EventDate "2004.01.02"]

1. e4 e5 2. Nf3 Nc6 3. Bb5 f5 4. d3 fxe4 5. dxe4 Nf6 6. O-O Bc5 7. Nc3 d6 8.
Be3 Bb6 9. Nd5 O-O 10. Ng5 Kh8 11. Bc4 Bg4 12. Qd2 Qd7 13. Bxb6 axb6 14. f4
exf4 15. Rxf4 Ne5 16. Bb3 Nxd5 17. exd5 Ng6 18. Rxf8+ Rxf8 19. h3 Bf5 20. Rf1
Qe7 21. Ne6 Bxe6 22. Rxf8+ Nxf8 23. dxe6 c6 24. Qf2 b5 25. c3 d5 26. Bc2 Nxe6
27. Bf5 Ng5 28. Bc8 Ne4 29. Qf4 Nd6 30. Be6 h6 31. Qe5 Qf8 32. h4 Nc4 33. Qc7
Ne3 34. h5 Qf1+ 0-1

[Event "X Festival A"]
[Site "Verona ITA"]
[Date "2004.01.05"]
[Round "5"]
[White "Tomba, Ivan"]
[Black "Manole, Vasile"]
[Result "1-0"]
[WhiteElo "2236"]
[BlackElo "2335"]
[PlyCount "127"]
[EventDate "2004.01.02"]

1. e4 e6 2. d4 d5 3. e5 c5 4. c3 Nc6 5. Nf3 Bd7 6. a3 Nge7 7. b4 cxd4 8. cxd4
Nf5 9. Bb2 b5 10. Nc3 Qb6 11. Bxb5 Nxe5 12. Bxd7+ Nxd7 13. O-O Bd6 14. Qd3 Qb7
15. Na4 Rd8 16. Rac1 O-O 17. Nc5 Qb8 18. Rc2 Nb6 19. g4 Ne7 20. Ng5 Ng6 21. h4
Be7 22. Bc1 Bxg5 23. hxg5 e5 24. dxe5 Nxe5 25. Qh3 Qc8 26. f3 f5 27. Rh2 h6 28.
Qg3 Nbc4 29. gxf5 Qxf5 30. gxh6 Rf7 31. f4 Rd6 32. Qh3 Rg6+ 33. Kh1 gxh6 34.
Qxf5 Rxf5 35. Rg2 Kf7 36. Rxg6 Nxg6 37. Kg2 h5 38. Nb3 h4 39. Nd4 Rh5 40. Kh3
Nd6 41. Kg4 Rh8 42. Nc6 Rg8 43. Kh3 Nf5 44. Nxa7 Nge7 45. Rf3 Nd4 46. Rd3 Nef5
47. b5 Ne2 48. Bd2 Ng1+ 49. Kh2 h3 50. Be1 Nd4 51. Rg3 Ngf3+ 52. Kh1 Rb8 53.
Bf2 Rb7 54. Rxh3 Kg6 55. Kg2 Nxb5 56. Nxb5 Nd2 57. Nc3 Rd7 58. Rd3 Nc4 59. Nxd5
Nxa3 60. Rxa3 Rxd5 61. Kf3 Kf5 62. Rc3 Rd2 63. Rc4 Ke6 64. Be3 1-0